000 00401nam a2200169Ia 4500
001 1981
003 IN-NITTTR
005 20251114232923.0
008 251113s9999||||xx |||||||||||||| ||eng||
040 _beng
040 _cIN-NITTTR
041 _aeng
082 _a624.171 D797A
100 _aDravid, P.S.
245 0 _aAnalysis of continous beams and rigid frames /
_cDravid, P.S.
942 _2ddc
_cBK
999 _c2840
_d2840